000 00396nam a22001697a 4500
003 OSt
008 230414b |||||||| |||| 00| 0 eng d
020 _a9789332576643
082 _a658.45 MEB
100 _aMEHRA,Payal
245 _aBusiness Communication For Managers
250 _a2nd Ed
260 _aUP
_bPearson
_c2017
300 _a404
650 _aDecentralization
942 _2ddc
_cREF
999 _c11971
_d11971